|
|
|
|
| LEADER |
00000nam0a2200000 4500 |
| 001 |
62260 |
| 005 |
20231031063322.0 |
| 035 |
|
|
|a (RuTPU)RU\TPU\book\65994
|
| 090 |
|
|
|a 62260
|
| 100 |
|
|
|a 20040407f k y0rusy50 ca
|
| 101 |
0 |
|
|a rus
|
| 102 |
|
|
|a RU
|
| 105 |
|
|
|a y oz 000zy
|
| 200 |
1 |
|
|a Лесная таксация
|f А. Ф. Рудзкий
|
| 205 |
|
|
|a 4-е изд.
|
| 210 |
|
|
|a СПб.
|c Изд-е А. Ф. Девриена
|d Б.г.
|
| 215 |
|
|
|a 211 с.
|
| 610 |
1 |
|
|a лесоводство
|
| 610 |
1 |
|
|a деревья
|
| 610 |
1 |
|
|a стволы
|
| 610 |
1 |
|
|a заготовки
|
| 610 |
1 |
|
|a учет
|
| 610 |
1 |
|
|a обмер
|
| 610 |
1 |
|
|a прирост
|
| 610 |
1 |
|
|a насаждения
|
| 610 |
1 |
|
|a описание
|
| 610 |
1 |
|
|a таблицы
|
| 675 |
|
|
|a 630.8
|v 3
|
| 686 |
|
|
|a Ч611.68
|v LBC/SL-A
|2 rubbk
|
| 700 |
|
1 |
|a Рудзкий
|b А. Ф.
|
| 801 |
|
1 |
|a RU
|b 63413507
|c 20040407
|g PSBO
|
| 801 |
|
2 |
|a RU
|b 63413507
|c 20110304
|g PSBO
|
| 900 |
|
|
|a Лесоводство
|
| 942 |
|
|
|c BK
|